Responses for Show #8553 - Wednesday, January 12, 2022

Amy Schneider game 31.
First game for which buzz attempt data was published.

Contestants

[<< previous game]

Ally Bove, a physical therapist from Pittsburgh, Pennsylvania

Emma Shirato Almon, a government effectiveness associate manager from Sunnyside, New York

Amy Schneider, an engineering manager from Oakland, California (whose 30-day cash winnings total $1,057,800)

[next game >>]

Jeopardy! Round responses

HOW PROVINCIAL
CHINESE CALENDAR ANIMALS
3 SHORT WORDS
LET ME IN!!
IRON MAN
WAR MACHINE
    $200 11
Java

Amy
    $200 23
a tiger

Amy
    $200 5
lend a hand

Ally
    $200 17
a dog door

Emma
    $200 1
the Orioles

Amy
    $200 16
catapult

Ally
    $400 12
Good Hope

Ally
    $400 27
monkey

Ally
    $400 6
ham on rye

Amy
    $400 18
bouncers

Amy
    $400 2
goalkeeper

Emma
    $400 22
Vietnam

Ally
    $600 13
Herzegovina

Ally
    $600 28
(Emma: What is a cat?)
(Ken: No.)
(Emma: Oh, what is [*]?)

a sheep

AmyEmma
    $600 8
cry it out

Ally
    $600 19
backstage pass

Ally
    $600 3
cricket

Amy
    $600 24
radar

Amy
    $800 14
(Ken: Today, it's [*] and Labrador; back then it was just [*].)

Newfoundland

Triple Stumper
    $800 29
rat

Triple Stumper
    $1,000 9
(Ally: What is... "Rock the boat"?)
[Laughter]

Give 'em hell

Ally
    $800 20
Open sesame

Emma
    $800 4
punter

Ally
    $800 25
Enigma

Amy
    $1000 15
Lusitania

Amy
    $1000 30
(Amy: What is... a dragon?)

a snake

Amy
Triple Stumper
    $1000 10
bite the dust

Amy
    $1000 21
(Emma: What is "It's Friday Night"?)

"Ladies Night"

AmyEmma
    $1000 7
the L.A. Lakers

Triple Stumper
    $1000 26
armored personnel carrier

Amy

Scores at the first commercial break (after clue 15):

Amy Emma Ally
$3,400 $400 $1,600

Scores at the end of the Jeopardy! Round:

Amy Emma Ally
$7,000 -$200 $3,200

Double Jeopardy! Round responses

ROYAL WOMEN
AUTHORS' NONFICTION
SCIENCE
ONE LETTER DIFFERENT
CLASSIC SITCOMS
REPTILIAN WORDS & PHRASES
    $400 16
Queen Elizabeth II

Triple Stumper
    $400 22
Twain

Emma
    $400 3
platypus

Ally
    $400 8
built & quilt

Amy
    $400 1
The Fresh Prince of Bel-Air

Amy
    $400 17
the tortoise & the hare

Amy
    $800 27
Japan

Amy
    $800 23
Stephen King

Amy
    $800 4
a black hole

Amy
    $800 9
Paris & parks

Triple Stumper
    $800 2
Mad About You

Ally
    $800 18
snake eyes

Amy
    $1200 28
(Amy: What is the Netherlands?)

Denmark

Amy
Triple Stumper
    $1200 24
(E.B.) White

Amy
    $5,000 12
(Ally: What are... triumvirates?)

trilobites

Ally
    $4,000 10
(Amy: What are... Marino and...)

San Marino & Dan Marino

Amy
    $1200 5
Sanford and Son

Triple Stumper
    $1200 19
crocodile tears

Amy
    $1600 29
Iran

Amy
    $1600 25
Edith Wharton

Triple Stumper
    $1600 13
ductile

Amy
    $1600 11
Blu-ray & blurry

Ally
    $1600 6
Living Single

Amy
    $1600 20
a lounge lizard

Amy
    $2000 30
infanta

Amy
    $2000 26
David Foster Wallace

Amy
    $2000 15
Heisenberg

Amy
    $2000 14
Galilee & Galileo

Ally
    $2000 7
Night Court

Amy
    $2000 21
vipers

Triple Stumper

Scores at the end of the Double Jeopardy! Round:

Amy Emma Ally
$23,000 $200 $3,000
(lock game)

[wagering suggestions for these scores]

Final Jeopardy! Round responses

HISTORIC AMERICANS
(Ken: [To Emma] You only got half of the second "S", but that's okay, 'cause either way, it's pronounced [*]... After escaping from slavery, he kept the name Frederick, to keep a sense of identity, he said, but he did not want the same surname.)
EmmaWho is Douglas [2nd S not completed]
$20
AllyWho is ? ?
$2,000
AmyWho is
$12,000
(Frederick) Douglass

Final scores:

Amy Emma Ally
$11,000 $220 $1,000
31-day champion: $1,068,800 3rd place: $1,000 2nd place: $2,000

Game dynamics:

Coryat scores:

Amy Emma Ally
$27,000 $200 $9,000
30 R,
3 W
(including 1 DD)
4 R,
2 W
13 R,
2 W
(including 2 DDs)

Combined Coryat: $36,200

[game clues] [game scores] [suggest correction]

Game tape date: 2021-11-02
The J! Archive is created by fans, for fans. Scraping, republication, monetization, and malicious use prohibited; this site may use cookies and collect identifying information. See terms. The Jeopardy! game show and all elements thereof, including but not limited to copyright and trademark thereto, are the property of Jeopardy Productions, Inc. and are protected under law. This website is not affiliated with, sponsored by, or operated by Jeopardy Productions, Inc. Join the discussion at JBoard.tv.